|
|
|
|
| LEADER |
00000cam a2200000 7i4500 |
| 001 |
0000137627 |
| 005 |
20100518.0 |
| 020 |
|
|
|a 9789675243455
|
| 090 |
0 |
0 |
|a 320.9595
|b TUN
|
| 245 |
0 |
0 |
|a Tun Abdul Razak Hussein
|c Penyusun Halimah Abdul Rahman
|
| 490 |
0 |
|
|a Siri Kepimpinan Perdana Menteri
|
| 600 |
0 |
0 |
|a Abdul Razak bin Dato' Hussein,Tun Haji,1922-1976
|
| 650 |
0 |
0 |
|a Political leadership
|z Malaysia
|x Juvenile literature
|
| 650 |
0 |
0 |
|a Prime ministers
|z Malaysia
|x Juvenile literature
|
| 651 |
|
0 |
|a Malaysia
|x Politics and government
|x Juvenile literature
|
| 700 |
0 |
|
|a Halimah Abdul Rahman
|
| 999 |
|
|
|a 00230994
|b BUKU
|c MALAYSIANA
|e PERPUSTAKAAN KOMUNITI PETALING JAYA
|